Southville International School and Colleges
Your cart is empty.
  • Cart
  • Lists
    Public lists Eva Luna New books Lux_list list_1
    Your lists Log in to create your own lists
  • Log in to your account
  • Your cookies
  • Search history
Southville International School and Colleges
  • Advanced search
  • Recent comments
  • Most popular
  • Libraries

Log in to your account

Log in with GOOGLE


If you do not have an external account, but do have a local account, you can still log in:

  1. Home
  2. MARC view: Healing thoughts :
Normal view MARC view ISBD view

Healing thoughts : (Record no. 283246)

[ view plain ]
MARC details
000 -LEADER
fixed length control field 00411nam a2200133Ia 4500
008 - FIXED-LENGTH DATA ELEMENTS--GENERAL INFORMATION
fixed length control field 150223s9999 xx 000 0 und d
020 ## - INTERNATIONAL STANDARD BOOK NUMBER
International Standard Book Number 9710868780
050 ## - LIBRARY OF CONGRESS CALL NUMBER
Classification number BL 2480
Item number .P979 2008
100 ## - MAIN ENTRY--PERSONAL NAME
Personal name Pujalte, Jose M. M.D.
245 ## - TITLE STATEMENT
Title Healing thoughts :
Remainder of title randomly medical /
Statement of responsibility, etc Jose M. Pujalte, M.D.
250 ## - EDITION STATEMENT
Edition statement 2nd ed.
260 ## - PUBLICATION, DISTRIBUTION, ETC. (IMPRINT)
Place of publication, distribution, etc Mandaluyong City :
Name of publisher, distributor, etc National Bookstore,
Date of publication, distribution, etc 2008
300 ## - PHYSICAL DESCRIPTION
Extent 185 pages :
Dimensions 22 cm.

No items available.

Healing thoughts :

APA

Pujalte J. M. M., . (2008). Healing thoughts. Mandaluyong City: National Bookstore.

Chicago

Pujalte Jose M M.D, . 2008. Healing thoughts. Mandaluyong City: National Bookstore.

Harvard

Pujalte J. M. M., . (2008). Healing thoughts. Mandaluyong City: National Bookstore.

MLA

Pujalte Jose M M.D, . Healing thoughts. Mandaluyong City: National Bookstore. 2008.

  • Print
  • Cite
  • Add to your cart (remove)
  • Save record
    BIBTEX Dublin Core MARCXML MARC (non-Unicode/MARC-8) MARC (Unicode/UTF-8) MARC (Unicode/UTF-8, Standard) MODS (XML) RIS
  • More searches
    Search for this title in:
    Other Libraries (WorldCat) Other Databases (Google Scholar) Online Stores (Bookfinder.com) Open Library (openlibrary.org)

Exporting to Dublin Core...

SOUTHVILLE LIBRARY

Southville International School and Colleges Library

1281 Tropical Ave. Cor. Luxembourg St., BF Homes International, Las Pinas City

Tel. No. 8256374 / 252358 Loc. 117/146

Powered by Koha